Medzinárodná spolupráca v oblasti ochrany vôd v povodí Dunaja
Medzinárodná spolupráca podunajských krajín v oblasti výskumu a ochrany vôd Dunaja. Vytvorenie jednotnej medzinárodnej metodiky výskumu vôd v povodí Dunaja. Environmentálny program v povodí Dunaja.
Na minha lista:
| Autor principal: | |
|---|---|
| Formato: | Capítulo de Livro |
| Idioma: | eslovaco |
| Assuntos: | |
| Tags: |
Sem tags, seja o primeiro a adicionar uma tag!
|
MARC
| LEADER | 00000naa a2200000 4500 | ||
|---|---|---|---|
| 001 | r021618 | ||
| 005 | 20230809112201.5 | ||
| 041 | 0 | |a slo | |
| 044 | |a SK | ||
| 245 | 1 | 0 | |a Medzinárodná spolupráca v oblasti ochrany vôd v povodí Dunaja |c A. Grešková |
| 520 | |a Medzinárodná spolupráca podunajských krajín v oblasti výskumu a ochrany vôd Dunaja. Vytvorenie jednotnej medzinárodnej metodiky výskumu vôd v povodí Dunaja. Environmentálny program v povodí Dunaja. | ||
| 610 | 2 | 0 | |a spolupráca medzinárodná |
| 610 | 2 | 0 | |a Dunaj |
| 610 | 2 | 0 | |a Slovensko |
| 610 | 2 | 0 | |a ochrana prostredia životného |
| 610 | 2 | 0 | |a rieky |
| 610 | 2 | 0 | |a voda |
| 610 | 2 | 0 | |a znečistenie vôd |
| 100 | 1 | |a Grešková, A. | |